| 000 | 01265nam a2200337 c 4500 | ||
|---|---|---|---|
| 003 | BLK | ||
| 005 | 20230811150221.0 | ||
| 008 | 180408b bul|||||r ||||||| ||bul|| | ||
| 010 | _aKNG00036438000 | ||
| 020 |
_a954-621-182-6 _bиздат.: Знание |
||
| 040 | _aBLK | ||
| 041 |
_aBUL _cBUL |
||
| 080 |
_aПолитическа теория. Политическа идеология. Политология _b32.01 _x _z32.01 |
||
| 100 | 1 |
_aМитев, Трендафил Атанасов _997086 |
|
| 139 |
_aМитев, Трендафил Атанасов _bМ 70 |
||
| 245 | 1 | 0 |
_aОснови на политическата наука (политология) _cТрендафил Атанасов Митев. |
| 257 | _aBGR | ||
| 260 |
_аСт. Загора _bЗнание _c2001 _fСофия : ПК Д. Благоев ООД |
||
| 300 |
_a174 с. _c29 см |
||
| 380 | _a3 | ||
| 500 | _aОфс. изд. | ||
| 650 | 4 |
_aПолитология _9166973 |
|
| 650 | 4 |
_aПолитическа наука _9250352 |
|
| 653 | _aполитология | ||
| 852 | _aЦб ІІ 11214 | ||
| 856 | 4 |
_qpdf _u |
|
| 856 | 4 |
_qpdf _u |
|
| 942 |
_cKNG _n0 |
||
| 944 |
_aCR _c15.01.2003 _k30560 _lГеновева Генчева |
||
| 944 |
_aED _c13.11.2012 _k |
||
| 999 |
_c33747 _d33747 |
||